| 000 | 03902naa a2200349Ia 4500 | ||
|---|---|---|---|
| 003 | OSt | ||
| 005 | 20260416104908.0 | ||
| 008 | 260416s2017 xx 000 0 und d | ||
| 040 |
_aFoundation University _bEng _cFoundation University _erda |
||
| 050 |
_aCBA (MgtAcct-FS) LG 221 D35 B87 _bA5 B87 M36 2016 A73 |
||
| 099 | _a799 | ||
| 100 |
_aEgera, Catherine T. _91517 _eauthor. |
||
| 245 | 1 | 0 |
_aA feasibility study on the establishment of Skin doctor of City Mall, along North National Highway, Dumaguete City / _cby Catherine T. Egera, Rayya Mae M. Gallego, Rhonna B. Jardinico, Ma. Evel O. Paculba |
| 264 |
_aDumaguete City _bFoundation Uiniversity, _c2016. _42016. |
||
| 300 |
_axix, 133 leaves : _bill. (chiefly color) ; _c28 cm. _3volume _fresource |
||
| 336 |
_2rdacontent _atext _btxt |
||
| 337 |
_2rdamedia _aunmediated _bn |
||
| 338 |
_3rdacarrier _avolume _bnc |
||
| 502 | _eUndergraduate feasibility (BS in Administration Major in Management Accounting) - - Foundation University, 2016. | ||
| 504 | _aIncludes bibliographical references and appendices. | ||
| 520 | _aAbstract The main objective of the study is to determine the feasibility of establishing a commercial building for lease as a business in Dumaguete City. That the following are considered to be the specific objective of the study: (1) To identify and quantify the financial costs and non-financial costs and benefits of the business. (2) To know if the proposed SEAMARPAT Commercial Building is feasible in the management, marketing, technical, financial and social- economical aspects. (3) To determine if it will be accepted on the open market along with who will be the target market. (4) To determine if the SEAMARPAT Commercial Building gives the respondents the service they deserved. Upon the conduct of the study, there are Three Hundred Twenty (320) respondents. The respondents are business Owners of coffee shops, printing/photocopying centers, tailoring, eatery, convenience store, sari-sari store, law firm, accounting firm, laundry shop, internet cafes, electronic repair shops, pawnshops, dental clinics, souvenir shops and parlors. In addition, the study utilized the use of survey questionnaires to gather information from the respondents. The total investment needed isP 6.900.000 (Six Million Nine Hundred Pesos) and the payback period is 6.89 years or 7 years. The results of the study illustrates that the proposed project is feasible in different aspects. The layout design and equipment is suitable for the project. Projected financial statements and ratios indicate that the project is viable and feasible and that it is profitable, effective and efficient that signals a favorable condition for the business. The project will endure a favorable impact unto the economy as a whole for it generates income and employment opportunity. In addition, it is as well supporting to environmental regulations set forth by the law or the government. There are eighty seven percent (87%) who are willing and capable to patronize the establishment of SEAMARPAT Commercial Building business in the city. With that, there is an indication that the proposed business is feasible and is generally accepted. | ||
| 650 |
_aCommercial real estate _zPhilippines _915507 |
||
| 650 |
_aOffice buildings _zPhilippines. _915508 |
||
| 650 |
_aReal estate development _zPhilippines _915509 |
||
| 650 |
_aFeasibility studies. _913723 |
||
| 658 |
_aProject Feasibility Study : _bAdministration Major Management Accounting, Bachelor of Science in ; _cMAC402 |
||
| 700 |
_aEgera, Catherine T. _eco-author _915510 |
||
| 700 |
_aGallego, Rayya Mae M., _eco-author _915511 |
||
| 700 |
_aJardinico, Rhonna B., _eco-author _915512 |
||
| 700 |
_aPaculba, Ma. Evel O _eco-author _915513 |
||
| 942 |
_2lcc _cFS _hLG 221 D35 B87 _iA5 B87 M36 2016 A73 _kCBA (MgtAcct-FS) |
||
| 999 |
_c5743 _d5743 |
||